<?xml version="1.0" encoding="UTF-8"?>
<record
    xmlns:xsi="http://www.w3.org/2001/XMLSchema-instance"
    xsi:schemaLocation="http://www.loc.gov/MARC21/slim http://www.loc.gov/standards/marcxml/schema/MARC21slim.xsd"
    xmlns="http://www.loc.gov/MARC21/slim">

  <leader>04144nam a2200361 a 4500</leader>
  <controlfield tag="001">41705</controlfield>
  <controlfield tag="003">BD-RjUL</controlfield>
  <controlfield tag="005">20211209053433.0</controlfield>
  <controlfield tag="008">160605s2007    caua     b    001 0 eng  </controlfield>
  <datafield tag="020" ind1=" " ind2=" ">
    <subfield code="a">9780761936008 (hbk.)</subfield>
  </datafield>
  <datafield tag="020" ind1=" " ind2=" ">
    <subfield code="a">0761936009 (hbk.)</subfield>
  </datafield>
  <datafield tag="020" ind1=" " ind2=" ">
    <subfield code="a">9788178297637 (hbk. : India)</subfield>
  </datafield>
  <datafield tag="020" ind1=" " ind2=" ">
    <subfield code="a">8178297639 (hbk. : India)</subfield>
  </datafield>
  <datafield tag="035" ind1=" " ind2=" ">
    <subfield code="a">(OCoLC)ocn144570849</subfield>
    <subfield code="a">BD-RjUL41823</subfield>
  </datafield>
  <datafield tag="040" ind1=" " ind2=" ">
    <subfield code="a">DLC</subfield>
    <subfield code="c">DLC</subfield>
    <subfield code="d">BAKER</subfield>
    <subfield code="d">YDXCP</subfield>
    <subfield code="d">BWKUK</subfield>
    <subfield code="d">BWK</subfield>
    <subfield code="d">UKM</subfield>
    <subfield code="d">BTCTA</subfield>
    <subfield code="d">DKAGE</subfield>
    <subfield code="d">OCLCQ</subfield>
    <subfield code="d">Z@L</subfield>
    <subfield code="d">BD-RjUL</subfield>
    <subfield code="d">DLC</subfield>
    <subfield code="b">eng</subfield>
  </datafield>
  <datafield tag="041" ind1=" " ind2=" ">
    <subfield code="a">eng</subfield>
  </datafield>
  <datafield tag="082" ind1="0" ind2="0">
    <subfield code="a">323.340954</subfield>
    <subfield code="2">22</subfield>
    <subfield code="b">WOM 2007 </subfield>
  </datafield>
  <datafield tag="245" ind1="0" ind2="0">
    <subfield code="a">Women's livelihood rights :</subfield>
    <subfield code="b">recasting citizenship for development /</subfield>
    <subfield code="c">edited by Sumi Krishna.</subfield>
  </datafield>
  <datafield tag="260" ind1=" " ind2=" ">
    <subfield code="a">Los Angeles ;</subfield>
    <subfield code="a">London :</subfield>
    <subfield code="b">Sage Publications ;</subfield>
    <subfield code="a">New Delhi :</subfield>
    <subfield code="b">Sage Publications India,</subfield>
    <subfield code="c">2007.</subfield>
  </datafield>
  <datafield tag="300" ind1=" " ind2=" ">
    <subfield code="a">xiii, 404 p. :</subfield>
    <subfield code="b">ill. ;</subfield>
    <subfield code="c">23 cm.</subfield>
  </datafield>
  <datafield tag="504" ind1=" " ind2=" ">
    <subfield code="a">Includes bibliographical references and index.</subfield>
  </datafield>
  <datafield tag="505" ind1="0" ind2=" ">
    <subfield code="a">1. Recasting Citizenship for Women's Livelihood and Development: An Overview / Sumi Krishna -- I. Recognition and Resource Rights -- 2. Whose Rights? Women in Pastoralist and Shifting Cultivation Communities: A Continuing Struggle for Recognition and Rights to Livelihood Resources / Sagari R. Ramdas and Nitya S. Ghotge -- 3. Transgressing Political Spaces and Claiming Citizenship: The Case of Women Kendu Leaf-Pluckers and the Community Forestry Federation, Ranpur, Orissa / Neera M. Singh -- 4. Legal Identity and Natural Resource Management: The Foraging Irula Women of Killai, Cuddalore District, Tamil Nadu / P. Thamizoli and P. Ignatius Prabhakar -- II. Work and Employment Strategies -- 5. Marginal Lives in Marginal Lands: Livelihood Strategies of Women-Headed, Immigrant Households in the Charlands of the River Damodar, West Bengal / Gopa Samanta and Kuntala Lahiri-Dutt -- 6. Migrant Tribal Women's Struggle for Livelihood: A Study of the Employment Assurance Scheme in Jhabua, Madhya Pradesh / Sandeep Joshi -- 7. Restructuring the Employment Guarantee Scheme: Efforts to Provide Livelihood Opportunities through Women's SHGs and Horticulture in Maharashtra / Chhaya Datar -- III. The Challenge of Democratic Governance -- 8. In the Name of the Community: Gender, Development and Governance in Arunachal Pradesh / Deepak K. Mishra and Vandana Upadhyay -- 9. The Reinforcement of Gender Stereotypes through Modern Education: The Case of Mizoram / B. Lakshmi -- IV. Restructuring Institutional Systems -- 10. Mainstreaming Gender in Agricultural Research and Extension: How Do We Move beyond Efficiency Arguments? / Meghana Kelkar -- 11. Women and Water Policy: Issues and Alternatives / Seema Kulkarni -- 12. Do Property Rights in Land Ensure Greater Participation of Women in Resource Management? Notes from a Study in Rural Karnataka / M. Indira</subfield>
  </datafield>
  <datafield tag="505" ind1="0" ind2=" ">
    <subfield code="a">13. 'Just' Laws are not Enough: A Note on the Common Civil Code, Marriage and Inheritance in Goa / Shaila Desouza -- V. Women's Collective Agency, Development and Citizenship -- 14. The Sangha Mane: The Translation of an Internal Need into a Physical Space / Vinalini Mathrani and Vani Periodi -- 15. SHGs as Change Agents in Enhancing the Political Participation of Women in Local Self-Governance / Mandakini Pant -- 16. Exploring Linkages between Citizenship, Livelihood Security and Gender Equality: Planned Interventions and Outcomes in Rajasthan / Shobhita Rajagopal -- VI. Dignity in Struggle: Lessons from the Past -- 17. Women's Development under Patriarchy: The Experience of the Sathins / Rajesh Ramakrishnan, Viren Lobo and Depinder Kapur.</subfield>
  </datafield>
  <datafield tag="520" ind1=" " ind2=" ">
    <subfield code="a">Papers presented at the Conference on Citizenship, Sovereignty and Gender, held at Goa during 3-6 May 2005.</subfield>
  </datafield>
  <datafield tag="650" ind1=" " ind2="0">
    <subfield code="a">Women's rights</subfield>
    <subfield code="z">India.</subfield>
    <subfield code="9">128105</subfield>
  </datafield>
  <datafield tag="650" ind1=" " ind2="0">
    <subfield code="a">Women in development</subfield>
    <subfield code="z">India.</subfield>
    <subfield code="9">128106</subfield>
  </datafield>
  <datafield tag="650" ind1=" " ind2="0">
    <subfield code="a">Equality</subfield>
    <subfield code="z">India.</subfield>
    <subfield code="9">128107</subfield>
  </datafield>
  <datafield tag="700" ind1="1" ind2=" ">
    <subfield code="a">Krishna, Sumi.</subfield>
    <subfield code="9">128108</subfield>
  </datafield>
  <datafield tag="776" ind1="0" ind2="8">
    <subfield code="i">Online version:</subfield>
    <subfield code="t">Women's livelihood rights.</subfield>
    <subfield code="d">Los Angeles ; London : Sage Publications ; New Delhi : Sage Publications India, 2007</subfield>
    <subfield code="w">(OCoLC)654477888</subfield>
  </datafield>
  <datafield tag="856" ind1="4" ind2="1">
    <subfield code="3">Table of contents only</subfield>
    <subfield code="u">http://www.loc.gov/catdir/toc/ecip0720/2007023771.html</subfield>
  </datafield>
  <datafield tag="942" ind1=" " ind2=" ">
    <subfield code="2">ddc</subfield>
    <subfield code="c">BK</subfield>
  </datafield>
  <datafield tag="999" ind1=" " ind2=" ">
    <subfield code="c">41705</subfield>
    <subfield code="d">41705</subfield>
  </datafield>
  <datafield tag="952" ind1=" " ind2=" ">
    <subfield code="0">0</subfield>
    <subfield code="1">0</subfield>
    <subfield code="2">ddc</subfield>
    <subfield code="4">0</subfield>
    <subfield code="7">0</subfield>
    <subfield code="8">NFIC</subfield>
    <subfield code="a">RUCL</subfield>
    <subfield code="b">RUCL</subfield>
    <subfield code="c">Stack</subfield>
    <subfield code="d">1010-10-19</subfield>
    <subfield code="e">Dhaka : Paragon Enterprise</subfield>
    <subfield code="g">195.00</subfield>
    <subfield code="l">0</subfield>
    <subfield code="o">323.340954 WOM 2007</subfield>
    <subfield code="r">2016-06-05 00:00:00</subfield>
    <subfield code="t">C-2</subfield>
    <subfield code="w">2016-06-05</subfield>
    <subfield code="y">BK</subfield>
  </datafield>
  <datafield tag="952" ind1=" " ind2=" ">
    <subfield code="0">0</subfield>
    <subfield code="1">0</subfield>
    <subfield code="2">ddc</subfield>
    <subfield code="4">0</subfield>
    <subfield code="7">0</subfield>
    <subfield code="8">NFIC</subfield>
    <subfield code="a">RUCL</subfield>
    <subfield code="b">RUCL</subfield>
    <subfield code="c">Stack</subfield>
    <subfield code="d">2010-10-19</subfield>
    <subfield code="e">Dhaka : Paragon Enterprise</subfield>
    <subfield code="g">795.00</subfield>
    <subfield code="l">0</subfield>
    <subfield code="o">323.340954 WOM 2007</subfield>
    <subfield code="r">2016-08-09 00:00:00</subfield>
    <subfield code="t">C-3</subfield>
    <subfield code="w">2016-08-09</subfield>
    <subfield code="y">BK</subfield>
  </datafield>
  <datafield tag="952" ind1=" " ind2=" ">
    <subfield code="0">0</subfield>
    <subfield code="1">0</subfield>
    <subfield code="2">ddc</subfield>
    <subfield code="4">0</subfield>
    <subfield code="7">0</subfield>
    <subfield code="8">NFIC</subfield>
    <subfield code="a">RUCL</subfield>
    <subfield code="b">RUCL</subfield>
    <subfield code="c">Stack</subfield>
    <subfield code="d">2010-10-19</subfield>
    <subfield code="e">Dhaka paragon enterprises ltd.</subfield>
    <subfield code="g">795.00</subfield>
    <subfield code="l">0</subfield>
    <subfield code="o">323.340954 WOM 2007</subfield>
    <subfield code="r">2016-12-19 00:00:00</subfield>
    <subfield code="t">C-4</subfield>
    <subfield code="w">2016-12-19</subfield>
    <subfield code="y">BK</subfield>
  </datafield>
</record>
